Chaise de designer - Statistiques

Statistiques générales
  • Ce quiz a été pris 7 fois
  • Le résultat moyen est 6 sur 15
Statistiques - réponses
Par images Réponse % Correct
Jean Prouvé
83%
Charles Eames
67%
Michael Thonet
67%
Alessandro Mendini
50%
Alvar Aalto
50%
Gerrit Rietveld
50%
Le Corbusier, Charlotte Perriand
50%
Frank O Gehry
33%
Gio Ponti
33%
Charles Rennie Mackintosh
17%
Freres Campana
17%
Hector Guimard
17%
Joe Colombo
17%
Michele de Lucchi
17%
Francois Azambourg
0%
Aucun quiz correspondant
Distribution des résultats
% des personnes avec chaque résultat
Percentile par nombre de réponses
Votre historique - résultats
Vous n’avez pas pris ce quiz